Normal view
MARC view
- Names of Prophet
Entry Topical Term
001 - CONTROL NUMBER
- control field: 119660
003 - CONTROL NUMBER IDENTIFIER
- control field: NUST
005 - DATE AND TIME OF LATEST TRANSACTION
- control field: 20231212102006.0
008 - FIXED-LENGTH DATA ELEMENTS
- fixed length control field: 231212|| aca||aabn | a|a d
040 ## - CATALOGING SOURCE
- Original cataloging agency: NUST
- Transcribing agency: NUST
150 ## - HEADING--TOPICAL TERM
- Topical term or geographic name entry element: Names of Prophet
670 ## - SOURCE DATA FOUND
- Source citation: Work cat.: (NUST)606823: Bukhari, Syed Abdur Rahman 119658, Fazail ul Asma ul Husna Jalla Jalaluhu, Fazail Asma ul Mustafa salla Allah alayhi wa-sallam o Fazail e Asma Ahle Bait Alihasalam /, 2015.
